[Event "MARCEL 1st Div Ch-League 2019"]
[Site "Dhaka"]
[Date "2019.11.18"]
[Round "7.4"]
[White "Anisuzzaman, Jewel"]
[Black "Avik, Sarker"]
[Result "0-1"]
[WhiteElo "1852"]
[BlackElo "1980"]
[Annotator "NA RC"]
[PlyCount "137"]
[EventDate "2019.11.12"]
[EventCountry "BAN"]
[SourceTitle "playchess.com"]
[Source "ChessBase"]
[SourceQuality "1"]
[TimeControl "5400+30"]

{[%evp 12,111,4,-39,-11,-47,-51,-43,-2,-45,-9,-23,0,-18,79,41,78,10,60,4,38,31,99,51,45,-31,89,97,79,110,125,95,99,97,102,81,101,89,294,103,93,95,109,96,121,47,133,152,206,97,95,34,16,25,24,10,14,11,22,-88,-113,-65,-110,-63,-102,-110,-51,-55,-22,-29,-26,-35,-25,-57,-66,-85,-83,-85,-83,-89,-82,-110,-93,-127,-135,-135,-82,-234,-303,-260,-331,-319,-415,-412,-461,-493,-602,32767,32767,-1066,-1057,-1263]} 1. d4 {[%emt 0:00:28]} d5 {[%emt 0:00:00]} 2. c4 {[%emt 0:00:14]} e6 {[%emt 0:00:02]} 3. Nf3 {[%emt 0:00:18]} Nf6 {[%emt 0:00:14]} 4. g3 {[%emt 0:00:06]} dxc4 {[%emt 0:00:22]} 5. Qa4+ {[%emt 0:05:13]} Nbd7 {[%emt 0:01:24]} 6. Bg2 {[%emt 0:03:43]} a6 {[%emt 0:03:53]} 7. Qxc4 {[%emt 0:04:03]} b5 {[%emt 0:01:03]} 8. Qc2 {[%emt 0:01:59]} Bb7 {[%emt 0:00:31]} 9. O-O {[%emt 0:00:45] E03: Open Catalan: 5 Qa4+ Nbd7 6 Qxc4} Bd6 {[%emt 0:04:27]} (9... c5 10. Nc3 Rc8 11. dxc5 Bxc5 12. a3 O-O 13. Bg5 Qb6 14. Bxf6 Nxf6 15. e3 a5 16. Rfd1 Rc7 17. Qe2 Ba6 18. Bf1 Ra8 19. Nxb5 Nd5 20. a4 Rac8 21. Nfd4 {1-0 (68) Stupak,K (2537)-Melkumyan,H (2661) Skopje 2019}) 10. Nbd2 {[%emt 1:18:11]} Rc8 $146 {[%emt 1:23:04]} ({Predecessor:} 10... c5 11. e4 cxd4 12. Nxd4 Rc8 {0-1 (31) Dunaevskaya,A (1696)-Podgornova,A (1714) Moscow 2018}) 11. e4 {[%emt 1:13:43]} c5 {[%emt 0:06:52]} 12. d5 {[%emt 0:01:04]} e5 {[%emt 0:21:02]} ({Of course not} 12... exd5 {[#]} 13. e5 $1 $16 {[%mdl 512]}) (12... c4 $11 {keeps the balance.}) 13. Nh4 {[%emt 0:05:33]} g6 {[%emt 0:03:23] [#]} 14. Bh3 {[%emt 0:09:43]} (14. b3 $1 $16) 14... O-O {[%emt 0:01:22]} 15. Ndf3 {[%emt 0:01:33]} Kg7 {[%emt 0:07:22]} 16. Bg5 {[%emt 0:02:18]} h6 {[%emt 0:00:56]} 17. Bxf6+ {[%emt 0:11:19] Pin} Kxf6 {[%emt 0:00:12]} 18. Qc3 {[%emt 0:02:04]} ({White should try} 18. a4 $14) 18... b4 {[%emt 0:09:29]} (18... c4 $11) 19. Qe3 {[%emt 0:03:03]} Kg7 {[%emt 0:00:14] [#]} 20. Nd2 $1 {[%emt 0:00:29]} Rb8 {[%emt 0:05:11]} 21. Nc4 {[%emt 0:35:13]} Nb6 {[%emt 0:00:28]} 22. Nxd6 {[%emt 0:01:17]} Qxd6 {[%emt 0:00:45]} 23. Rac1 {[%emt 0:00:27]} Bc8 {[%emt 0:05:59]} 24. Bg2 {[%emt 0:01:25]} g5 $2 {[%emt 0:00:26]} (24... Na4 $16) 25. Nf3 {[%emt 0:00:50]} (25. Rxc5 $18 Qd8 26. Nf3) 25... c4 {[%emt 0:16:35]} 26. Nd2 {[%emt 0:00:34]} Bd7 {[%emt 0:00:51]} 27. f4 {[%emt 0:03:49]} ({Reject} 27. Nxc4 $6 Nxc4 28. Rxc4 Bb5 $14) 27... f6 {[%emt 0:02:25]} 28. Rf2 {[%emt 0:04:32]} (28. fxg5 $16 hxg5 29. Rc2 (29. Nxc4 Nxc4 30. Rxc4 Bb5 $11)) 28... Bb5 {[%emt 0:00:45] [#]} ({Black should play} 28... Rbc8 $14) 29. Bh3 $1 {[%emt 0:04:38]} Rb7 {[%emt 0:02:44]} 30. Qf3 {[%emt 0:03:11]} ({Better is} 30. Be6 $18) 30... Rc7 {[%emt 0:02:55]} 31. Nf1 {[%emt 0:02:03]} exf4 {[%emt 0:02:18]} 32. gxf4 {[%emt 0:01:36]} Qxf4 {[%emt 0:01:06]} 33. Qxf4 {[%emt 0:00:56]} gxf4 {[%emt 0:00:01]} 34. Rxf4 {[%emt 0:00:02]} c3 {[%emt 0:02:16]} 35. bxc3 {[%emt 0:02:08]} (35. b3 $11) 35... Rxc3 {[%emt 0:01:20]} 36. Rxc3 {[%emt 0:11:59]} bxc3 {[%emt 0:00:01]} 37. Ne3 {[%emt 0:00:01] [#]} Bd3 $1 {[%emt 0:01:12]} 38. Kf2 {[%emt 0:08:16] [#]} c2 {[%emt 0:01:35]} (38... Rb8 $1 $17 39. Be6 c2 40. Rg4+ Kh8) 39. Rg4+ {[%emt 0:00:06]} Kf7 {[%emt 0:00:49]} 40. Rg1 {[%emt 0:00:08]} Bxe4 {[%emt 0:00:17]} 41. Be6+ {[%emt 0:00:39]} Ke7 {[%emt 0:00:14]} 42. Rc1 {[%emt 0:00:36]} Kd6 {[%emt 0:00:50]} 43. Nxc2 {[%emt 0:01:12]} Nxd5 {[%emt 0:00:29]} 44. Bxd5 {[%emt 0:00:44]} Bxd5 {[%emt 0:02:27]} 45. Ne3 {[%emt 0:01:40]} Be6 {[%emt 0:00:00]} 46. a3 {[%emt 0:01:07]} Rb8 {[%emt 0:00:00]} 47. Rc3 {[%emt 0:01:06]} Rb2+ {[%emt 0:00:00]} 48. Kg3 {[%emt 0:00:14]} Ke5 {[%emt 0:01:20]} 49. Ng2 $2 {[%emt 0:01:13]} ({White should play} 49. Ng4+ $1 $15 Bxg4 50. Kxg4) 49... Rb3 {[%emt 0:00:20]} 50. Rxb3 {[%emt 0:00:04]} Bxb3 {[%emt 0:01:20]} 51. Ne3 {[%emt 0:01:40]} f5 {[%emt 0:00:21]} 52. Ng2 {[%emt 0:00:19]} Ke4 {[%emt 0:00:45]} 53. Nf4 {[%emt 0:02:05]} a5 {[%emt 0:00:43]} 54. h4 {[%emt 0:00:16]} a4 {[%emt 0:00:25]} 55. Ng2 {[%emt 0:01:00]} Bc4 {[%emt 0:00:29]} 56. Nf4 $19 {[%emt 0:00:20]} Kd4 {[%emt 0:00:25]} 57. Ng2 {[%emt 0:00:33]} Kc3 {[%emt 0:00:21]} 58. Ne3 {[%emt 0:00:10]} Be6 {[%emt 0:00:39]} 59. Kf4 {[%emt 0:00:08]} Kb3 {[%emt 0:00:20]} 60. Ke5 {[%emt 0:00:03]} Bc8 {[%emt 0:00:58]} 61. Kd4 {[%emt 0:00:44]} f4 {[%emt 0:00:39]} 62. Nd1 {[%emt 0:02:58]} Bd7 {[%emt 0:00:37]} 63. Nf2 {[%emt 0:00:18]} h5 {[%emt 0:00:28]} 64. Nd3 {[%emt 0:00:25]} Kxa3 {[%emt 0:00:22]} 65. Kc3 {[%emt 0:01:53]} f3 {[%emt 0:00:24]} 66. Nf2 {[%emt 0:01:51]} Bf5 {[%emt 0:00:31]} 67. Nd1 {[%emt 0:00:40]} Ka2 {[%emt 0:00:34]} 68. Nf2 {[%emt 0:01:08]} a3 {[%emt 0:01:14]} 69. Kb4 {[%emt 0:01:07]} 0-1

[Event "MARCEL 1st Div Ch-League 2019"]
[Site "Dhaka"]
[Date "2019.11.18"]
[Round "7.5"]
[White "Sabya, Sachi"]
[Black "Md Shawkat Ali Sheikh"]
[Result "0-1"]
[WhiteElo "1887"]
[BlackElo "1851"]
[Annotator "NA RC"]
[PlyCount "74"]
[EventDate "2019.11.12"]
[EventCountry "BAN"]
[SourceTitle "playchess.com"]
[Source "ChessBase"]
[SourceQuality "1"]
[TimeControl "5400+30"]

{[%evp 22,74,0,-41,32767,-39,-35,-101,-60,-62,-43,-50,-24,-39,-13,-72,-50,-54,-90,-56,-69,-142,-119,-146,-98,-289,-134,-195,-144,-406,-464,-470,-215,-1241,-1666,-5418,-29970,-5497,-838,-774,-1171,-29988,32767,-849,-1619,-29982,-29980,-29994,-565,-29995,-440,-29996,-29997,-29997,-29998]} 1. e4 {[%emt 0:00:21]} c5 {[%emt 1:30:30]} 2. Nf3 {[%emt 0:00:18]} e6 {[%emt 0:00:00]} 3. d4 {[%emt 0:00:48]} cxd4 {[%emt 0:00:00]} 4. Nxd4 {[%emt 0:00:09]} Nc6 {[%emt 0:00:00]} 5. Be3 {[%emt 0:00:30]} Nf6 {[%emt 0:00:29]} 6. Nc3 {[%emt 0:01:08]} a6 {[%emt 0:00:08]} 7. Be2 {[%emt 0:01:21]} Qc7 {[%emt 0:00:07]} 8. O-O {[%emt 0:01:39]} Be7 {[%emt 0:01:00]} 9. f4 {[%emt 0:00:51]} d6 {[%emt 0:00:09]} 10. Kh1 {[%emt 0:01:07]} O-O {[%emt 0:00:06]} 11. g4 {[%emt 0:01:43]} Nxd4 {[%emt 0:01:51] B85: Sicilian Scheveningen: 6 Be2 a6, lines with early Be3} 12. Bxd4 {[%emt 0:00:42]} b5 {[%emt 0:00:13]} 13. g5 {[%emt 0:01:53]} Nd7 {[%emt 0:01:45]} 14. Be3 $146 {[%emt 0:04:15]} (14. a3 $11) ({Predecessor:} 14. Bd3 Bb7 15. Qh5 e5 16. Nd5 Qd8 17. Rf3 exd4 18. Rh3 h6 19. Rg1 {0-1 (39) Tratatovici,D (2122)-Ris,R (2436) Reykjavik 2009}) 14... Bb7 {[%emt 0:01:41]} 15. Bf3 {[%emt 0:00:01]} Rad8 {[%emt 0:01:48]} 16. a3 {[%emt 0:01:36]} g6 {[%emt 0:06:34]} 17. Bg2 {[%emt 0:00:51]} f5 {[%emt 0:02:04]} 18. exf5 {[%emt 0:01:20]} Bxg2+ {[%emt 0:00:32]} 19. Kxg2 {[%emt 0:00:11]} Rxf5 {[%emt 0:01:53]} 20. h4 {[%emt 0:04:03]} Rdf8 {[%emt 0:02:31]} 21. Kg3 {[%emt 0:01:45]} (21. Qd2 $15) 21... R8f7 {[%emt 0:02:50]} 22. Qe2 {[%emt 0:13:14]} Qc6 {[%emt 0:00:38]} (22... d5 $19 23. Rad1 Bd6) 23. h5 $2 {[%emt 0:01:28]} (23. Rae1 $17) 23... e5 {[%emt 0:03:49]} (23... d5 $19 24. Kh2 e5 25. fxe5 Nxe5 26. Rxf5 Rxf5 27. hxg6 Nf3+ {[%mdl 64] Double Attack} 28. Kg2 {[#]} d4 $1 {[%mdl 512]} 29. gxh7+ Kxh7 30. Rh1+ Kg7 $1 {[%mdl 512]}) 24. hxg6 {[%emt 0:06:13]} hxg6 {[%emt 0:04:18]} 25. Rad1 $2 {[%emt 0:02:42]} (25. fxe5 Nxe5 26. Rxf5 Rxf5 27. Rf1) 25... exf4+ {[%emt 0:01:48]} 26. Bxf4 {[%emt 0:52:51]} Ne5 {[%emt 1:06:46]} (26... Bxg5 $142 27. Qe8+ Kg7 28. Qxf7+ Rxf7 29. Bxg5 Rxf1 30. Rxf1 Qc5) 27. Qe3 $2 {[%emt 0:00:00] [#]} (27. Qe4) 27... Bxg5 $1 {[%emt 0:00:00] Pin} 28. Nd5 {[%emt 0:00:00]} Bxf4+ {[%emt 0:00:00]} 29. Rxf4 {[%emt 0:00:00]} Rxf4 {[%emt 0:01:30]} (29... Rg5+ $142 30. Kh4 Rh5+ 31. Kg3 Qxc2 32. Qd2 Qb3+ 33. Nc3 Rg5+ 34. Kf2 Rg4 35. Ne2 Rfxf4+ 36. Qxf4 Rxf4+ 37. Nxf4 Qxd1 38. Ne2 Qb3 39. Kf1 Qxb2 40. Ke1 Nd3+ 41. Kd1 Kg7 42. a4 bxa4 43. Nd4 Nf2+ 44. Ke1 Qxd4 45. Kf1 Ne4 46. Ke2 d5 47. Kf3 Qf2+ 48. Kg4 Qg3#) 30. Qxf4 {[%emt 0:00:00]} Qxc2 {[%emt 0:00:00] Double Attack} ({Less strong is} 30... Rxf4 31. Ne7+ Kf7 32. Nxc6 $17) 31. Qd2 {[%emt 0:00:00]} Qf5 {[%emt 0:00:00]} (31... Rf3+ $142 32. Kh2 Rf2+ {[%mdl 64] Double Attack} 33. Kg3 Rxd2 34. Rxd2 Qxd2 35. Nc3 g5 36. a4 Qe3+ 37. Kg2 Nd3 38. Nd5 Qf2+ 39. Kh3 Qg1 40. Ne7+ {[#]} Kf7 $1 {[%mdl 512]} 41. axb5 Nf4#) 32. Qf4 {[%emt 0:00:00] [#]} Qh5 $1 {[%emt 0:00:00]} 33. Ne7+ {[%emt 0:00:00] [#]} Kg7 $1 {[%emt 0:00:00]} 34. Qd4 {[%emt 0:00:00]} Rf3+ {[%emt 0:00:00]} 35. Kg2 {[%emt 0:00:00]} Qh3+ {[%emt 0:00:00]} 36. Kg1 {[%emt 0:00:00]} Rg3+ {[%emt 0:00:00]} 37. Kf2 {[%emt 0:00:00]} Rg2+ {[%emt 0:00:00]} 0-1

[Event "MARCEL 1st Div Ch-League 2019"]
[Site "Dhaka"]
[Date "2019.11.18"]
[Round "7.6"]
[White "Md. Moniruzzaman, Masud"]
[Black "Nurul, Islam"]
[Result "1-0"]
[WhiteElo "1828"]
[BlackElo "1989"]
[Annotator "NA RC"]
[PlyCount "73"]
[EventDate "2019.11.12"]
[EventCountry "BAN"]
[SourceTitle "playchess.com"]
[Source "ChessBase"]
[SourceQuality "1"]
[TimeControl "5400+30"]

{[%evp 9,73,37,33,10,43,41,48,33,46,38,22,40,42,32767,49,38,39,0,9,0,0,0,0,-14,0,-13,-4,-2,7,0,0,0,22,34,30,18,30,56,89,62,152,177,174,187,192,169,237,179,241,221,273,200,282,316,1070,1000,1072,1052,5739,1115,1718,29974,2093,29976,29982,29985]} 1. Nf3 {[%emt 0:00:00]} Nf6 {[%emt 0:07:39]} 2. e3 {[%emt 0:00:57]} g6 {[%emt 0:00:11]} 3. d4 {[%emt 0:01:48]} d5 {[%emt 0:00:51]} 4. c4 {[%emt 0:00:46]} c6 {[%emt 0:00:35]} 5. Nc3 {[%emt 0:00:29]} Bg7 {[%emt 0:00:08]} 6. cxd5 {[%emt 0:03:31]} Nxd5 {[%emt 0:00:32]} 7. Be2 {[%emt 0:01:14]} O-O {[%emt 0:00:11]} 8. e4 {[%emt 0:00:47]} Nxc3 {[%emt 0:00:35]} 9. bxc3 {[%emt 0:00:10]} c5 {[%emt 0:00:09]} 10. O-O {[%emt 0:00:36]} cxd4 {[%emt 0:00:10]} 11. cxd4 {[%emt 0:00:17]} Nc6 {[%emt 0:00:13]} 12. Be3 {[%emt 0:00:37]} Bg4 {[%emt 0:00:34]} 13. e5 {[%emt 0:00:46]} (13. d5 $5 {[%cal Rd5c6]} Nb4 14. Nd4 Bxe2 15. Qxe2 $14) 13... Qa5 {[%emt 0:05:48] D85: Exchange Grünfeld: Unusual White 7th moves and lines with 7 Nf3} (13... Be6 14. Rb1 Bxa2 15. Rxb7 Bd5 16. Rb5 e6 17. Qa4 Rb8 18. Rc1 Rxb5 19. Bxb5 Bxf3 20. gxf3 Ne7 21. Qxa7 {0-1 (46) Milov,V (2620)-Ruck,R (2572) Panormo 2002}) 14. h3 {[%emt 0:02:24]} Be6 {[%emt 0:00:38]} 15. Qb1 $146 {[%emt 1:23:08]} ({Predecessor:} 15. Ng5 Bd5 16. h4 Rac8 17. h5 Nb4 18. hxg6 hxg6 19. Bd2 {½-½ (37) Fiorito,F (2455)-Alonso,S (2390) Buenos Aires 1998}) 15... Bd5 {[%emt 0:02:22]} 16. Rc1 {[%emt 0:02:41]} e6 {[%emt 0:05:48]} 17. Rc5 {[%emt 1:17:15]} Qc7 {[%emt 0:02:47]} 18. Qb2 {[%emt 0:01:32]} f6 {[%emt 0:10:12]} 19. exf6 {[%emt 0:00:37]} Bxf6 {[%emt 0:00:23]} 20. Rac1 {[%emt 0:01:17]} Rac8 {[%emt 0:01:43]} 21. Ne5 {[%emt 0:04:55]} Qg7 {[%emt 0:03:22]} 22. Nxc6 {[%emt 0:00:53]} bxc6 {[%emt 0:00:10]} 23. Bc4 {[%emt 0:01:54]} Rb8 {[%emt 0:00:48]} 24. Qc3 {[%emt 0:01:10]} Be7 {[%emt 0:02:15]} ({Better is} 24... Rb7 $14) 25. Bxd5 {[%emt 0:00:41]} cxd5 {[%emt 0:00:37]} 26. Rc7 {[%emt 0:00:37]} Rf7 {[%emt 0:12:02]} 27. Rxa7 {[%emt 0:01:41]} Qf6 {[%emt 0:00:37]} (27... Bd8 {is a better defense.} 28. Rxf7 Qxf7) 28. Rc7 {[%emt 0:02:05]} Kg7 {[%emt 0:00:12]} (28... Bb4 $142 29. Rxf7 Qxf7) 29. Qd2 {[%emt 0:01:35]} h5 {[%emt 0:01:04]} 30. g3 {[%emt 0:01:58]} Kh7 {[%emt 0:00:40]} (30... Bd6 {was necessary.} 31. Bh6+ Kh7) 31. Bf4 {[%emt 0:00:44]} Qf5 $2 {[%emt 0:01:15] [#]} (31... Ra8 32. Qe2 Qf5) 32. Rxe7 $1 {[%emt 0:00:41] Discovered Attack} Rbf8 {[%emt 0:00:28]} 33. Rcc7 {[%emt 0:00:32]} Rxe7 {[%emt 0:02:27]} 34. Rxe7+ {[%emt 1:01:39]} Rf7 {[%emt 0:00:10]} 35. Rxf7+ {[%emt 0:00:52]} Qxf7 {[%emt 0:39:54]} 36. Be5 {[%emt 1:01:26]} Qf5 {[%emt 0:00:00]} 37. Qf4 {[%emt 0:00:30]} 1-0

[Event "MARCEL 1st Div Ch-League 2019"]
[Site "Dhaka"]
[Date "2019.11.18"]
[Round "7.7"]
[White "Bappi, A.b."]
[Black "Shivshankar Iyer S"]
[Result "1-0"]
[WhiteElo "1827"]
[BlackElo "1573"]
[Annotator "NA RC"]
[PlyCount "36"]
[EventDate "2019.11.12"]
[EventCountry "BAN"]
[SourceTitle "playchess.com"]
[Source "ChessBase"]
[SourceQuality "1"]
[TimeControl "5400+30"]

{[%evp 14,36,0,32767,-1,-13,-11,32767,32767,-8,-14,-26,0,-2,32767,0,0,-36,0,-13,0,-59,-28,-60,49]} 1. c4 {[%emt 0:00:00]} e6 {[%emt 0:00:00]} 2. d4 {[%emt 0:00:00]} d5 {[%emt 0:00:11]} 3. a3 {[%emt 0:00:00]} Nf6 {[%emt 0:02:22]} 4. Nc3 {[%emt 0:00:00]} Be7 {[%emt 0:00:46]} 5. Nf3 {[%emt 0:00:00]} O-O {[%emt 1:29:11]} 6. h3 {[%emt 0:00:00]} c5 {[%emt 0:00:00]} 7. dxc5 {[%emt 0:00:00]} Bxc5 {[%emt 0:00:00]} 8. b4 {[%emt 0:00:00]} Be7 {[%emt 0:00:00]} 9. e3 {[%emt 0:00:00]} a5 {[%emt 0:00:00]} 10. b5 {[%emt 0:00:00]} Qc7 {[%emt 0:00:00]} 11. Be2 {[%emt 0:00:00]} dxc4 {[%emt 0:00:00]} 12. O-O {[%emt 0:00:00]} Rd8 {[%emt 0:00:00]} 13. Qc2 {[%emt 0:00:00]} b6 {[%emt 0:00:00]} 14. Bb2 {[%emt 0:00:00]} Bb7 {[%emt 0:00:00]} 15. Rac1 {[%emt 0:00:00]} Nbd7 {[%emt 0:00:00]} 16. Na4 {[%emt 0:00:00]} Bd5 {[%emt 0:00:00]} 17. Nd2 {[%emt 0:00:00]} ({Better is} 17. Bxc4 $11 Rac8 18. Nd2) 17... Qb7 {[%emt 0:00:00]} 18. f3 {[%emt 0:03:00]} e5 $14 {[%emt 0:00:00]} (18... Nh5 $15) 1-0

[Event "MARCEL 1st Div Ch-League 2019"]
[Site "Dhaka"]
[Date "2019.11.18"]
[Round "7.8"]
[White "Kishor, Shazzad"]
[Black "Khondakar, Nazre Mowla"]
[Result "1/2-1/2"]
[WhiteElo "1617"]
[BlackElo "1864"]
[Annotator "NA RC"]
[PlyCount "84"]
[EventDate "2019.11.12"]
[EventCountry "BAN"]
[SourceTitle "playchess.com"]
[Source "ChessBase"]
[SourceQuality "1"]
[TimeControl "5400+30"]

{[%evp 9,84,38,31,7,22,26,22,33,43,39,27,40,37,25,47,35,25,17,21,26,29,31,47,41,65,60,75,45,66,48,82,13,46,16,102,95,95,85,74,52,53,-16,0,-2,16,11,51,41,41,45,50,53,73,39,42,41,115,109,141,122,119,26,56,50,58,29,112,32767,32767,32767,39,34,198,38,146,0,178]} 1. g3 {[%emt 0:02:04]} d5 {[%emt 0:00:23]} 2. Bg2 {[%emt 0:00:12]} c5 {[%emt 0:00:26]} 3. c4 {[%emt 0:02:10]} e6 {[%emt 0:04:13]} 4. Nf3 {[%emt 0:00:40]} Nc6 {[%emt 0:01:00]} 5. cxd5 {[%emt 0:04:36]} exd5 {[%emt 0:00:15]} 6. O-O {[%emt 0:00:26]} Nf6 {[%emt 0:04:48]} 7. d4 {[%emt 0:02:20]} Be7 {[%emt 0:03:42]} 8. dxc5 {[%emt 0:03:47]} Bxc5 {[%emt 0:03:49]} 9. a3 {[%emt 0:00:51]} O-O {[%emt 0:07:25]} 10. b4 {[%emt 0:00:12]} Be7 {[%emt 0:00:05]} 11. Bb2 {[%emt 0:00:53]} Be6 {[%emt 0:01:47] D30: Queen's Gambit Declined: Systems without Nc3} (11... Bg4 12. Nbd2 Re8 13. Nb3 Rc8 14. Rc1 Ne4 15. b5 Nb8 16. Rxc8 Bxc8 17. a4 Bf6 18. Bxf6 Qxf6 19. e3 {1-0 (41) Lagno,K (2523)-Zvjaginsev,V (2660) Moscow 2015}) 12. Nd4 $146 {[%emt 0:01:23]} ({Predecessor:} 12. Nc3 Qd7 13. Rc1 Rad8 14. Na4 Ne4 15. Nd2 Bh3 16. Nxe4 Bxg2 17. Nf6+ Bxf6 18. Kxg2 d4 19. Nc5 {½-½ (32) Malikentzos,S (2347)-Managadze,N (2477) Achaia 2013}) 12... Nxd4 {[%emt 0:01:17]} 13. Qxd4 {[%emt 0:03:58]} Qd7 {[%emt 0:03:03]} 14. Nc3 {[%emt 0:01:44]} Rfd8 {[%emt 0:00:54]} 15. Rfd1 {[%emt 0:01:28]} Bf8 {[%emt 0:11:15]} 16. Rd2 {[%emt 0:02:26]} b6 {[%emt 0:01:36]} 17. Rad1 {[%emt 0:04:56]} Qc6 {[%emt 0:21:42]} 18. Rc1 {[%emt 0:06:08]} Qb7 {[%emt 0:10:32]} 19. e3 {[%emt 0:08:43]} Rd7 {[%emt 0:00:51]} 20. f3 {[%emt 0:03:10]} (20. Rf1 $16) 20... Rad8 {[%emt 0:00:31]} 21. Ne2 {[%emt 0:01:32]} Be7 {[%emt 0:04:45]} ({Black should try} 21... Ne4 $14) 22. Nf4 {[%emt 0:02:04]} Ne8 {[%emt 0:00:39]} 23. Nxe6 {[%emt 0:04:23]} fxe6 {[%emt 0:00:08]} 24. Qe5 {[%emt 0:11:06]} Rd6 {[%emt 0:01:36]} 25. h4 {[%emt 0:14:14]} (25. Qf4 $14) 25... Bf6 {[%emt 0:00:40]} 26. Qf4 {[%emt 0:01:17]} Bxb2 {[%emt 0:00:42]} 27. Rxb2 {[%emt 0:00:01]} Qf7 {[%emt 0:01:34]} 28. Qxf7+ {[%emt 0:00:45]} Kxf7 {[%emt 0:00:06]} 29. Kf2 {[%emt 0:01:54]} R8d7 {[%emt 0:00:52]} 30. Rbc2 {[%emt 0:00:33]} Rb7 {[%emt 0:00:21]} 31. f4 {[%emt 0:01:25]} Rdd7 {[%emt 0:00:30]} 32. e4 {[%emt 0:04:43]} Nf6 {[%emt 0:00:11]} (32... dxe4 $14 33. Bxe4 {[%mdl 64] Double Attack} Rb8) 33. e5 {[%emt 0:00:53]} Ne8 {[%emt 0:00:14]} 34. Ke3 {[%emt 0:04:55]} Rbc7 {[%emt 0:00:16]} 35. Kd4 {[%emt 0:00:56]} (35. Rc6 $16) 35... g6 {[%emt 0:00:22]} 36. b5 {[%emt 0:01:11]} Rxc2 {[%emt 0:00:08]} 37. Rxc2 {[%emt 0:00:04]} Rc7 {[%emt 0:00:05]} ({Black should try} 37... Ng7 $14) 38. Rxc7+ {[%emt 0:04:57]} Nxc7 {[%emt 0:00:06]} 39. a4 {[%emt 0:00:30]} Ke7 {[%emt 0:01:06]} 40. g4 {[%emt 0:00:00]} Kf7 {[%emt 0:04:55] [#]} 41. Bh3 {[%emt 0:00:00]} (41. Bf1 $1 $18) 41... Ke7 {[%emt 0:04:32]} (41... a6 $14) 42. Bg2 $2 {[%emt 0:00:00]} ({White should play} 42. Ke3 $18) 42... Kf7 $18 {[%emt 0:02:28]} 1/2-1/2

[Event "MARCEL 1st Div Ch-League 2019"]
[Site "Dhaka"]
[Date "2019.11.18"]
[Round "7.9"]
[White "Imam, Farhadur"]
[Black "Subhayan Kundu"]
[Result "0-1"]
[WhiteElo "2033"]
[BlackElo "2269"]
[Annotator "TA"]
[PlyCount "68"]
[EventDate "2019.11.12"]
[EventCountry "BAN"]
[SourceTitle "playchess.com"]
[Source "ChessBase"]
[SourceQuality "1"]

{[%evp 13,67,0,-5,-24,-30,-95,-91,-254,-250,-327,-315,-420,-421,-85,-453,-450,-439,-460,-452,-449,-440,-510,-437,-461,-461,-522,-501,-514,-522,-654,-642,-625,-570,-647,-643,-785,-761,-1130,-1110,-1162,-1144,-926,-1152,-1077,-1105,-1096,-915,-1309,-1257,-29981,-29981,-29990,-29985,-29991,-29992,-29999]} 1. e4 c5 2. Nf3 Nc6 3. d4 cxd4 4. Nxd4 Nf6 5. Nc3 d6 6. Bc4 e6 7. Bg5 Be7 8. Ndb5 {B62: Sicilian: Richter-Rauzer: 6...e6: Unusual White 7th moves} (8. O-O O-O 9. Kh1 a6 10. a4 Bd7 11. f4 Qc7 12. Nb3 Rad8 13. Qe2 Bc8 14. Rad1 Rfe8 15. Bd3 h6 16. Bh4 {0-1 (37) Ademi,S (2249)-Bahtijari,B (2140) Prishtina 2019}) 8... O-O 9. Bxf6 (9. Be2 $11 {keeps the balance.}) 9... Bxf6 $17 10. Qxd6 $2 (10. Qd2 $17 {was necessary.}) 10... Qa5 $19 11. O-O $146 {[#]} ({Predecessor:} 11. Qa3 a6 12. Nd6 Qxa3 {0-1 (12) Martelli,T (1872)-Silari,A (1721) Milan 2007}) 11... a6 $1 12. Nc7 Be5 13. Qxf8+ Kxf8 14. Nxa8 b5 {[%cal Bb7b5,Bb5b4][%mdl 32]} 15. Bd3 Bb7 16. a4 {[%cal Ra4b5]} b4 17. Ne2 Bxa8 18. Rab1 g5 19. b3 Ke7 20. Rbd1 Bb7 21. g3 Qc5 22. h3 Bd4 23. Rd2 Ne5 {And now ...Nf3+ would win.} 24. Kg2 f5 {...Bb2 is the strong threat.} 25. f3 Be3 26. Rdd1 fxe4 27. fxe4 Nxd3 28. cxd3 Qc2 {[%mdl 64] [#] Double Attack} 29. Kf3 Bb6 30. Nc1 e5 31. g4 Qh2 {Black mates.} 32. Ne2 Qxh3+ 33. Ng3 Bc8 {[%csl Gh3][%cal Rc8g4]} 34. Rh1 Bxg4# {Accuracy: White = 17%, Black = 96%.} 0-1

[Event "MARCEL 1st Div Ch-League 2019"]
[Site "Dhaka"]
[Date "2019.11.18"]
[Round "7.10"]
[White "Roy, Prantik"]
[Black "Sambarta Banerjee"]
[Result "1-0"]
[WhiteElo "2349"]
[BlackElo "1957"]
[Annotator "TA"]
[PlyCount "49"]
[EventDate "2019.11.12"]
[EventCountry "BAN"]
[SourceTitle "playchess.com"]
[Source "ChessBase"]
[SourceQuality "1"]

{[%evp 21,49,25,29,20,71,71,82,60,97,134,112,118,94,70,277,288,391,391,386,388,390,175,369,352,1725,1680,29994,29995,29995,29996]} 1. d4 d5 2. Nf3 Nf6 3. e3 e6 4. c4 c6 5. Nc3 Nbd7 6. Qc2 Bd6 7. Bd2 O-O 8. O-O-O Qe7 9. e4 dxe4 10. Nxe4 Nxe4 11. Qxe4 e5 12. Bg5 {D45: Semi-Slav: 5 e3} f6 (12... Nf6 $11 {remains equal.} 13. Bxf6 gxf6) 13. Bd3 $1 $16 g6 14. c5 {White is better.} Bc7 (14... exd4 15. Bh6 Qxe4 16. Bxe4 Re8 17. cxd6 Rxe4 18. Rhe1 Nc5 19. Rxe4 Nxe4 20. Rxd4 {½-½ (79) Skoberne,J (2509)-Sandhoefner,F (2160) Austria 2010}) 15. Bh6 Re8 16. Bc4+ Kh8 17. Rhe1 Nf8 $2 {[#]} ({Black should try} 17... f5 $14 18. Qe3 e4) 18. dxe5 $1 $18 Qxc5 {intending ...Be6.} 19. Qh4 $146 {[%cal Rh4f6]} ({Less strong is} 19. exf6 Be6 $18) ({Predecessor:} 19. exf6 Be6 20. Bxf8 Qxc4+ 21. Qxc4 Bxc4 22. Bh6 Bd5 23. Rxe8+ {1-0 (23) Dolezal,J-Jezek,J Prague 1957}) 19... g5 {[#]} 20. exf6 $1 {[%csl Gf6][%cal Rh6g7][%mdl 512]} Be6 21. Bg7+ $40 {[%mdl 128] White has strong attack.} Kg8 22. Rxe6 {[%mdl 64] Deflection} Rxe6 $2 (22... gxh4 23. Rxc6+ {[%mdl 64] [#] Discovered Attack} Qxc4+ $1 {[%mdl 512]} 24. Rxc4 Ba5) 23. Bxf8 Kxf8 24. Qh6+ Ke8 {[#]} 25. f7+ $1 {[%mdl 576] Decoy. Accuracy: White = 97%, Black = 37%.} 1-0